Statistiche per Ricostruisci la Carriera del Calciatore - Stephan El Shaarawy

Clicka qui per fare il quiz!

Statistiche generali

  • Questo quiz è stato fatto 6 volte
  • Il punteggio medio è 5 su 7

Statistiche sulle risposte

HintRisposta% Corretto
2011-2015 Milan
100%
2019-2021 Shanghai Shenhua
100%
2008-2010 Genoa
75%
2010-2011Padova
75%
2016-2019 Roma
75%
2021- Roma
75%
2015-2016Monaco
25%

Distribuzione punteggi

Percentile per numero di risposta

Percentuale di utenti per punteggio

I tuoi punteggi nel tempo

Non hai fatto questo quiz